000 00634nam a2200205Ia 4500
005 20220721151150.0
008 210716s2006 xx 000 0 und d
020 _a8184120109
040 _cAIMIT LIBRARY
041 _aeng
082 _a519.4
_21
_bNAYP
100 _aNayak, Prasun Kumar.
_952351
245 _aNumerical analysis:
_btheory and application /
_cBy Prasun Kumar Nayak
250 _a1st ed.
260 _aNew Delhi :
_c2006.
_bAsian Books Private Limited ,
300 _aiv,374p. ;
_c24 cm.
650 _aMatrix eigenfunctions
_952352
650 _aLinear algebraic equations
_952353
942 _2ddc
_cBK
_k519.4 NAYP
999 _c188947
_d188947